| 000 | 01665nam a2200253Ia 4500 | ||
|---|---|---|---|
| 999 |
_c55044 _d55044 |
||
| 001 | 22119 | ||
| 003 | GE_BSU | ||
| 005 | 20221221161617.0 | ||
| 008 | 181216s2018||||ge |||||||||||||| ||geo|| | ||
| 040 | _cGE_BSU | ||
| 041 | _ageo | ||
| 080 | _a 33 ბ-52 | ||
| 100 |
_aბერიძე, ნათია _95440 |
||
| 245 |
_aინტერენეტ მარკენტინგის განვითარების თავისებურებები საქართველოში:პრობლემები და პერსპექტივები / _cნათია ბერიძე; სამეცნიერო ხელმძღვანელი გელა მამულაძე; ბათუმის შოთა რუსთაველის სახელმწიფო უნ-ტი. |
||
| 264 |
_aბათუმი _c2018 |
||
| 300 |
_a164 გვ.: _bცხრ; _c29 სმ. |
||
| 300 | _bბიბლიოგრ.გვ:146-159 | ||
| 653 | _aდისერტაცია | ||
| 653 | _aეკონომიკა | ||
| 653 | _aინტერენეტ მარკენტინგის განვითარების თავისებურებები საქართველოში:პრობლემები და პერსპექტივები | ||
| 700 |
_aმამულაძე, გელა _eსამეცნიერო ხელმძღვანელი _911760 |
||
| 710 |
_aბათუმის შოთა რუსთაველის სახელმწიფო უნივერსიტეტი _911761 |
||
| 942 |
_cDS _2udc |
||